<?xml version="1.0" encoding="UTF-8"?><?xml-stylesheet type="text/xsl" href="static/style.xsl"?><OAI-PMH xmlns="http://www.openarchives.org/OAI/2.0/" xmlns:xsi="http://www.w3.org/2001/XMLSchema-instance" xsi:schemaLocation="http://www.openarchives.org/OAI/2.0/ http://www.openarchives.org/OAI/2.0/OAI-PMH.xsd"><responseDate>2026-04-17T18:38:20Z</responseDate><request verb="GetRecord" identifier="oai:www.recercat.cat:10230/25489" metadataPrefix="marc">https://recercat.cat/oai/request</request><GetRecord><record><header><identifier>oai:recercat.cat:10230/25489</identifier><datestamp>2025-12-13T20:50:53Z</datestamp><setSpec>com_2072_6</setSpec><setSpec>col_2072_452954</setSpec></header><metadata><record xmlns="http://www.loc.gov/MARC21/slim" xmlns:dcterms="http://purl.org/dc/terms/" xmlns:xsi="http://www.w3.org/2001/XMLSchema-instance" xmlns:doc="http://www.lyncode.com/xoai" xsi:schemaLocation="http://www.loc.gov/MARC21/slim http://www.loc.gov/standards/marcxml/schema/MARC21slim.xsd">
   <leader>00925njm 22002777a 4500</leader>
   <datafield ind2=" " ind1=" " tag="042">
      <subfield code="a">dc</subfield>
   </datafield>
   <datafield ind2=" " ind1=" " tag="720">
      <subfield code="a">Furelos Blanco, Daniel</subfield>
      <subfield code="e">author</subfield>
   </datafield>
   <datafield ind2=" " ind1=" " tag="260">
      <subfield code="c">2015-12-21T13:00:35Z</subfield>
   </datafield>
   <datafield ind2=" " ind1=" " tag="260">
      <subfield code="c">2015-12-21T13:00:35Z</subfield>
   </datafield>
   <datafield ind2=" " ind1=" " tag="260">
      <subfield code="c">2015-12-21</subfield>
   </datafield>
   <datafield ind2=" " ind1=" " tag="520">
      <subfield code="a">Treball de fi de grau en informàtica</subfield>
   </datafield>
   <datafield ind2=" " ind1=" " tag="520">
      <subfield code="a">Tutor: Anders Jonsson</subfield>
   </datafield>
   <datafield ind2=" " ind1=" " tag="520">
      <subfield code="a">This thesis describes the design of agents that learn to play Atari games using the Arcade Learning Environment (ALE) framework to interact with them. The application of machine learning in video games, given its high complexity, is considered to be a bridge towards real-world domains such as robotics. The goal in Atari games is to achieve the highest possible score. To solve this task, reinforcement learning and search techniques are used. These algorithms outperform humans in 30 of the 61 games supported by ALE. Since humans are very good at making generalizations between games, special emphasis is/ngiven to evaluating how well an agent learns from multiple games simultaneously. These experiments usually result in a higher score for specific pairs of games. Besides, there are games that tend to increase their score when playing with other games, whereas there are games that help others to perform better.</subfield>
   </datafield>
   <datafield ind2=" " ind1=" " tag="520">
      <subfield code="a">Aquesta tesis descriu el disseny d&amp;apos;agents que aprenen a jugar a jocs d&amp;apos;Atari utilitzant el/nframework Arcade Learning Environment (ALE) per a interactuar amb ells.  L&amp;apos;aplicació/nd&amp;apos;aprenentatge automàtic en videojocs, donada la seva alta complexitat, es considera un/npont cap a dominis com la robòtica./nL&amp;apos;objectiu als jocs d&amp;apos;Atari és aconseguir la major puntuació possible. Per a resoldre aquesta/ntasca, s&amp;apos;utilitzen tècniques d&amp;apos;aprenentatge per reforç i cerca.  Aquests algoritmes superen/nals humans en 30 dels 61 jocs suportats per ALE./nCom els humans són molt bons fent generalitzacions entre jocs, es fa especial èmfasi en/navaluar  com  un  agent  pot  aprendre  de  múltiples  jocs  jugats  simultàniament.   Aquests/nexperiments solen resultar en una major puntuació per a parelles específiques de jocs.  A/nmés,  hi ha jocs que tendeixen a incrementar la seva puntuació quan juguen amb altres,/nmentre que també hi ha jocs que ajuden a altres a actuar millor.</subfield>
   </datafield>
   <datafield ind2=" " ind1=" " tag="520">
      <subfield code="a">Esta tesis describe el diseno de agentes que aprenden a jugar a juegos de Atari usando el/nframework Arcade Learning Environment (ALE) para interactuar con ellos.  La aplicación/nde  aprendizaje  automático  en  videojuegos,  dada  su  alta  complejidad,  se  considera  un/npuente hacia dominios como la robótica./nEl objetivo en los juegos de Atari es conseguir la mayor puntuación posible.  Para resolver/nesta tarea, se utilizan técnicas de aprendizaje por refuerzo y búsqueda.  Estos algoritmos/nsuperan a los humanos en 30 de los 61 juegos soportados por ALE./nComo  los  humanos  son  muy  buenos  haciendo  generalizaciones  entre  juegos,  se  hace  especial énfasis en evaluar cómo un agente puede aprender de múltiples juegos jugados simultáneamente.  Estos experimentos suelen resultar en una mayor puntuación para pares/nespecíficos de juegos.  Además, hay juegos que tienden a incrementar su puntuación cuando/njuegan con otros, mientras que también hay juegos que ayudan a otros a actuar mejor.</subfield>
   </datafield>
   <datafield tag="653" ind2=" " ind1=" ">
      <subfield code="a">Videojocs</subfield>
   </datafield>
   <datafield tag="653" ind2=" " ind1=" ">
      <subfield code="a">Aprenentatge automàtic</subfield>
   </datafield>
   <datafield ind2="0" ind1="0" tag="245">
      <subfield code="a">Learning and Generalization in Atari Games</subfield>
   </datafield>
</record></metadata></record></GetRecord></OAI-PMH>